000 00685nam a2200241Ia 4500
003 OSt
005 20220918173116.0
006 a|||||r|||| 00| 0
007 ta
008 220917b |||||||| |||| 00| 0 eng d
024 _a5,028
037 _cTextual
040 _aARTS
_cARTS
_beng
041 _2eng
_aeng
082 _a20bM1495, L72
100 _aChang Shau-Jin
_944958
245 0 _aNon-perturbative approach to infrared behaviour for (3) 6 and a mechanism of confinement
260 _c1977
300 _a56p
_ccm.
700 _a Yao York-Peng.
_944959
942 _h20bM1495, L72
_cTEXL
_2CC
999 _c147214
_d147214